| 000 | 00579 a2200181 4500 | ||
|---|---|---|---|
| 999 |
_c8253 _d8253 |
||
| 020 | _a978085900920 | ||
| 050 | _aQA 37 BOS 2012 | ||
| 100 |
_aBostock, L _eauthor |
||
| 245 |
_aPure mathematics. 1 / _cL Bostock & Suzanne Chandler |
||
| 264 |
_aLondon : _bStanley Thornes _c2012 |
||
| 300 |
_axiii, 744 p. : ill _b:ill. |
||
| 500 | _aIncludes index. | ||
| 650 | _aMathematics -- 1961- Mathematics. Mathematics -- Secondary school te | ||
| 650 | _aMathematics | ||
| 650 | _a Mathematics -- Secondary school text | ||
| 700 |
_aChandler, S _eauthor |
||
| 942 |
_2lcc _cBK _h37 _iBOS _kQA |
||